The Fruit Palace /

Bibliographic Details
Main Author: Nicholl, Charles
Format: Book
Language:English
Published: New York : St. Martin's Press, 1986.
Subjects:

MARC

Tag First Indicator Second Indicator Subfields
LEADER 00000cam a22000008a 4500
001 in00000411221
005 20151012051947.0
008 860220s1985 nyub 00010 eng
010 |a  86003779  
020 |a 0312309260 :  |c $16.95 
035 |a (OCoLC)13269451 
035 |9 ABT8362AM 
040 |a DLC  |c DLC  |d TXA  |d UtOrBLW 
043 |a s-ck--- 
049 |a TXAM  |c [A09327210] 
050 0 0 |a HV5840.C7  |b N53 1986 
082 0 |a 364.1/77/09861  |2 19 
090 |a HV5840.C7  |b N53 1985 
100 1 |a Nicholl, Charles. 
245 1 4 |a The Fruit Palace /  |c by Charles Nicholl. 
264 1 |a New York :  |b St. Martin's Press,  |c 1986. 
300 |a viii, 307 pages :  |b map 
336 |a text  |b txt  |2 rdacontent 
337 |a unmediated  |b n  |2 rdamedia 
338 |a volume  |b nc  |2 rdacarrier 
610 2 0 |a Fruit Palace (Restaurant : Bogotá, Colombia) 
650 0 |a Drug control  |z Colombia  |x Case studies. 
650 0 |a Drug abuse and crime  |z Colombia  |x Case studies. 
650 0 |a Cocaine abuse  |z Colombia  |x Case studies. 
999 |a MARS 
999 f f |s aef6ef5b-ffd3-3bbc-b9a7-cb00516f09a1  |i 5e9632ca-884f-338e-af74-4ab400b7d473  |t 0 
952 f f |p ric  |a Texas A&M University  |b Rellis Campus  |c Joint Library Facility  |d Remote Storage  |t 0  |e HV5840.C7 N53 1985  |h Library of Congress classification  |i unmediated -- volume  |m A14809327210 
998 f f |a HV5840.C7 N53 1985  |t 0  |l Remote Storage